| 000 | 00418nam a2200157Ia 4500 | ||
|---|---|---|---|
| 008 | 160316s1974 xxu||||| |||| 00| 0 eng d | ||
| 082 |
_a341.000000 _bVER-VII |
||
| 100 | _aVerzijl J H W | ||
| 245 | _aInternational law in historical perspective.Vol.VII : State, succession | ||
| 250 | _a | ||
| 260 |
_aLeyden _bA W Sijthoff _c1974 |
||
| 300 |
_a378 _b _c |
||
| 365 | _b | ||
| 650 | _a1.International Law | ||
| 700 |
_a _a |
||
| 999 |
_c9419 _d9419 |
||